A people's history of the American Revolution : (Record no. 109569)
[ view plain ]
| 000 -LEADER | |
|---|---|
| campo de control de longitud fija | 01588cam a2200421 a 4500 |
| 001 - NÚMERO DE CONTROL | |
| campo de control | 51593 |
| 005 - FECHA Y HORA DE LA ÚLTIMA TRANSACCIÓN | |
| campo de control | 20230411085931.0 |
| 008 - DATOS DE LONGITUD FIJA--INFORMACIÓN GENERAL | |
| campo de control de longitud fija | 020114r20022001nyu b 001 0deng |
| 010 ## - NÚMERO DE CONTROL DE LA BIBLIOTECA DEL CONGRESO | |
| Número de control de LC | 2002016992 |
| 035 ## - NÚMERO DE CONTROL DEL SISTEMA | |
| Número de control de sistema | (OCoLC)ocm48857572 |
| 040 ## - FUENTE DE CATALOGACIÓN | |
| Centro catalogador/agencia de origen | DLC |
| Centro/agencia transcriptor | DLC |
| Centro/agencia modificador | BAKER |
| -- | BTCTA |
| -- | YDXCP |
| 020 ## - NÚMERO INTERNACIONAL ESTÁNDAR DEL LIBRO | |
| Número Internacional Estándar del Libro | 0060004401 |
| 020 ## - NÚMERO INTERNACIONAL ESTÁNDAR DEL LIBRO | |
| Número Internacional Estándar del Libro | 9780060004408 |
| 029 1# - OTRO NÚMERO DE CONTROL DE SISTEMA (OCLC) | |
| Identificador de la biblioteca OCLC | YDXCP |
| Número de control de sistema | 1853907 |
| 029 1# - OTRO NÚMERO DE CONTROL DE SISTEMA (OCLC) | |
| Identificador de la biblioteca OCLC | NZ1 |
| Número de control de sistema | 6719920 |
| 035 ## - NÚMERO DE CONTROL DEL SISTEMA | |
| Número de control de sistema | (OCoLC)48857572 |
| 043 ## - CÓDIGO DE ÁREA GEOGRÁFICA | |
| Código de área geográfica | n-us--- |
| 050 14 - SIGNATURA TOPOGRÁFICA DE LA BIBLIOTECA DEL CONGRESO | |
| Número de clasificación | E208 |
| Número de ítem | R25 2002 |
| 082 00 - NÚMERO DE LA CLASIFICACIÓN DECIMAL DEWEY | |
| Número de clasificación | 973.3 |
| Número de edición | 21 |
| 049 ## - FONDOS LOCALES (OCLC) | |
| Biblioteca depositaria | GRAL |
| 100 1# - ENTRADA PRINCIPAL--NOMBRE DE PERSONA | |
| Nombre de persona | Raphael, Ray. |
| 245 12 - MENCIÓN DEL TÍTULO | |
| Título | A people's history of the American Revolution : |
| Resto del título | how common people shaped the fight for independence / |
| Mención de responsabilidad, etc. | Ray Raphael. |
| 250 ## - MENCION DE EDICION | |
| Mención de edición | 1st Perennial ed. |
| 260 ## - PUBLICACIÓN, DISTRIBUCIÓN, ETC. | |
| Lugar de publicación, distribución, etc. | New York : |
| Nombre del editor, distribuidor, etc. | Perennial, |
| Fecha de publicación, distribución, etc. | 2002. |
| 300 ## - DESCRIPCIÓN FÍSICA | |
| Extensión | xiv, 506 p. ; |
| Dimensiones | 21 cm. |
| 500 ## - NOTA GENERAL | |
| Nota general | Originally published: New York : The New Press, 2001. |
| 504 ## - NOTA DE BIBLIOGRAFÍA, ETC. | |
| Nota de bibliografía, etc. | Includes bibliographical references (p. [401]-487) and index. |
| 651 #0 - PUNTO DE ACCESO ADICIONAL DE MATERIA--NOMBRE GEOGRÁFICO | |
| Nombre geográfico | United States |
| Subdivisión general | History |
| Subdivisión cronológica | Revolution, 1775-1783. |
| 651 #0 - PUNTO DE ACCESO ADICIONAL DE MATERIA--NOMBRE GEOGRÁFICO | |
| Nombre geográfico | United States |
| Subdivisión general | History |
| Subdivisión cronológica | Revolution, 1775-1783 |
| Subdivisión general | Social aspects. |
| 651 #0 - PUNTO DE ACCESO ADICIONAL DE MATERIA--NOMBRE GEOGRÁFICO | |
| Nombre geográfico | United States |
| Subdivisión general | History |
| Subdivisión cronológica | Revolution, 1775-1783 |
| Subdivisión de forma | Personal narratives. |
| 856 42 - LOCALIZACIÓN Y ACCESO ELECTRÓNICOS | |
| Materiales especificados | Publisher description |
| Identificador Uniforme de Recursos | <a href="http://www.loc.gov/catdir/description/hc043/2002016992.html">http://www.loc.gov/catdir/description/hc043/2002016992.html</a> |
| 856 42 - LOCALIZACIÓN Y ACCESO ELECTRÓNICOS | |
| Materiales especificados | Book review (H-Net) |
| Identificador Uniforme de Recursos | <a href="http://www.h-net.org/review/hrev-a0c4l0-aa">http://www.h-net.org/review/hrev-a0c4l0-aa</a> |
| 938 ## - | |
| -- | Baker & Taylor |
| -- | BKTY |
| -- | 13.95 |
| -- | 10.46 |
| -- | 0060004401 |
| -- | 0003869867 |
| -- | active |
| 938 ## - | |
| -- | Baker and Taylor |
| -- | BTCP |
| -- | 2002016992 |
| 938 ## - | |
| -- | YBP Library Services |
| -- | YANK |
| -- | 1853907 |
| 942 ## - ELEMENTOS DE ENTRADA SECUNDARIOS (KOHA) | |
| Fuente del sistema de clasificación o colocación | Clasificación de Library of Congress |
| Tipo de ítem Koha | |
| 994 ## - | |
| -- | C0 |
| -- | DRFGD |
| Estatus retirado | Estado de pérdida | Fuente del sistema de clasificación o colocación | Estado de daño | No para préstamo | Colección | Biblioteca de origen | Biblioteca actual | Ubicación en estantería | Fecha de adquisición | Signatura topográfica completa | Código de barras | Visto por última vez | Copia número | Tipo de ítem Koha |
|---|---|---|---|---|---|---|---|---|---|---|---|---|---|---|
| Clasificación de Library of Congress | Automatización y Procesos Técnicos | Biblioteca Juan Bosch | Biblioteca Juan Bosch | Automatización y Procesos Técnicos (1er. Piso) | 11/04/2023 | E208 R25 2002 | 00000053548 | 17/02/2019 | 1 |
